00522nam a2200205 a 4500001001300000003000900013005001700022008004100039020001000080082001600090100002600106245003600132260003400168300000900202500003500211505001000246650002400256650001400280650002200294nice12345678IN_TiNIC20260116013501.0050524s1994 hyda grp 000 0 eng  ac11500a954.84bELD aEl-Edroos, Syed Ahmed aHyderabad of the "seven Loaves" aHyderabadbLaser Printsc1994 a195p aincludes index and biblioraphy2 aIndex aBiography-El-Edroos aHyderabad aHistory-Hyderabad